[Event "GER CupT"]
[Site "Germany"]
[Date "2023.01.28"]
[Round "1.4"]
[White "Meier, Lars"]
[Black "Boehm, Christian"]
[Result "1/2-1/2"]
[WhiteElo "2028"]
[BlackElo "2077"]
[PlyCount "72"]
[EventDate "2023.01.28"]
[EventType "team-k.o."]
[EventRounds "4"]
[EventCountry "GER"]
[SourceTitle "EXT 2024"]
[Source "ChessBase"]
[SourceDate "2023.10.10"]
[SourceVersion "1"]
[SourceVersionDate "2023.10.10"]
[SourceQuality "1"]
[WhiteTeam "Grundau"]
[BlackTeam "Loeberitz"]
[WhiteTeamCountry "GER"]
[BlackTeamCountry "GER"]

1. e4 c6 2. d4 d5 3. Nc3 dxe4 4. Nxe4 Nf6 5. Nxf6+ exf6 6. Bf4 Bd6 7. Bxd6 Qxd6 8. Qd2 Be6 9. Ne2 0-0 10. Ng3 Re8 11. Be2 Na6 12. 0-0 Nc7 13. Rad1 Nd5 14. Bf3 Nf4 15. Rfe1 Rad8 16. b3 b5 17. Ne4 Qb8 18. Nc5 Bd5 19. Bxd5 cxd5 20. Rxe8+ Rxe8 21. Re1 Ne6 22. Re3 Qd6 23. Qa5 Qc6 24. Qe1 Kf8 25. c3 b4 26. Nxe6+ Rxe6 27. Rxe6 fxe6 28. cxb4 e5 29. b5 Qc2 30. g3 e4 31. Qb4+ Kf7 32. Qc5 Qd1+ 33. Kg2 Qf3+ 34. Kg1 Qd1+ 35. Kg2 Qf3+ 36. Kg1 Qd1+ 1/2-1/2

[Event "GER-ch blitz"]
[Site "Magdeburg"]
[Date "2022.08.21"]
[Round "9"]
[White "Arndt, Magnus"]
[Black "Boehm, Christian"]
[Result "1/2-1/2"]
[WhiteElo "2365"]
[BlackElo "2152"]
[PlyCount "95"]
[EventDate "2022.08.21"]
[EventType "tourn (blitz)"]
[EventRounds "29"]
[EventCountry "GER"]
[EventCategory "5"]
[SourceTitle "CBM 210 Extra"]
[Source "ChessBase"]
[SourceDate "2022.11.30"]
[SourceVersion "1"]
[SourceVersionDate "2022.11.30"]
[SourceQuality "1"]

1. e4 c6 2. Nf3 d5 3. Nc3 Bg4 4. h3 Bxf3 5. Qxf3 e6 6. Be2 Bc5 7. 0-0 Ne7 8. Rd1 Bd4 9. Qg3 Ng6 10. d3 Qh4 11. Qxh4 Nxh4 12. Bf1 Nd7 13. g3 Ng6 14. Ne2 Bb6 15. Kg2 0-0-0 16. Bd2 dxe4 17. dxe4 Nc5 18. f3 e5 19. Bc3 Na4 20. h4 h5 21. Rd3 Nc5 22. Rd2 Rxd2 23. Bxd2 Rd8 24. Be1 Na4 25. b3 Nc5 26. Nc3 Nf8 27. Rd1 Rxd1 28. Nxd1 Nfe6 29. c3 f6 30. Bd2 a5 31. Ne3 Nd7 32. Nf5 Bc5 33. g4 g6 34. Ng3 hxg4 35. fxg4 Nf4+ 36. Kf3 g5 37. h5 Nf8 38. Bc4 Kd7 39. Nf5 b5 40. Bf7 Nh3 41. Be3 Bxe3 42. Kxe3 Nf4 43. a4 bxa4 44. bxa4 N8e6 45. h6 Nf8 46. Bg8 N4g6 47. h7 Nh8 48. Kd3 1/2-1/2

[Event "GER-ch blitz"]
[Site "Magdeburg"]
[Date "2022.08.21"]
[Round "12"]
[White "Boehm, Christian"]
[Black "Abel, Dennes"]
[Result "0-1"]
[WhiteElo "2152"]
[BlackElo "2476"]
[PlyCount "82"]
[EventDate "2022.08.21"]
[EventType "tourn (blitz)"]
[EventRounds "29"]
[EventCountry "GER"]
[EventCategory "5"]
[SourceTitle "CBM 210 Extra"]
[Source "ChessBase"]
[SourceDate "2022.11.30"]
[SourceVersion "1"]
[SourceVersionDate "2022.11.30"]
[SourceQuality "1"]

1. e4 c6 2. d3 d5 3. Nd2 Qc7 4. Ngf3 Bg4 5. h3 Bxf3 6. Qxf3 e6 7. g3 Nd7 8. Bg2 Bc5 9. 0-0 Ne7 10. Nb3 Bb6 11. Be3 0-0 12. Qe2 Rae8 13. d4 f5 14. e5 Rc8 15. Rac1 Rfd8 16. h4 Qb8 17. Bg5 Re8 18. Rfd1 Ng6 19. h5 Ngf8 20. c4 dxc4 21. Rxc4 h6 22. Bf4 Bd8 23. Nc5 Nb6 24. Rc2 Nh7 25. b4 Bg5 26. Nd3 Rcd8 27. Bxg5 hxg5 28. Nc5 Nd5 29. b5 g4 30. Rb1 Qc8 31. bxc6 bxc6 32. Rb7 Nb6 33. Rxa7 Rxd4 34. h6 gxh6 35. Qe3 Rd1+ 36. Kh2 Ng5 37. Rb2 Nc4 38. Qc3 Nxb2 39. Qxb2 Red8 40. a4 R1d2 41. Qb6 Rxf2 0-1

[Event "GER-ch blitz"]
[Site "Magdeburg"]
[Date "2022.08.21"]
[Round "28"]
[White "Boehm, Christian"]
[Black "Kopylov, Daniel"]
[Result "0-1"]
[WhiteElo "2152"]
[BlackElo "2355"]
[PlyCount "60"]
[EventDate "2022.08.21"]
[EventType "tourn (blitz)"]
[EventRounds "29"]
[EventCountry "GER"]
[EventCategory "5"]
[SourceTitle "CBM 210 Extra"]
[Source "ChessBase"]
[SourceDate "2022.11.30"]
[SourceVersion "1"]
[SourceVersionDate "2022.11.30"]
[SourceQuality "1"]

1. Nf3 Nf6 2. g3 g6 3. Bg2 Bg7 4. 0-0 0-0 5. d3 c5 6. e4 d6 7. c3 Nc6 8. Re1 Bg4 9. h3 Bxf3 10. Bxf3 Rc8 11. Be3 Nd7 12. Bg2 b5 13. Nd2 b4 14. Rc1 bxc3 15. bxc3 Nce5 16. Nb3 c4 17. dxc4 Nxc4 18. Bxa7 Qc7 19. Be3 Nxe3 20. Rxe3 Bh6 21. f4 e5 22. Rf3 Qa7+ 23. Kh1 Nf6 24. Rd3 exf4 25. Rxd6 Nh5 26. Rd7 Qf2 27. Rd2 Qxg3 28. Qf3 Qh4 29. Rf2 Rfd8 30. Rcf1 Ng3+ 0-1

[Event "GER-ch blitz"]
[Site "Magdeburg"]
[Date "2022.08.21"]
[Round "27"]
[White "Dahl, Christoph"]
[Black "Boehm, Christian"]
[Result "1-0"]
[WhiteElo "2355"]
[BlackElo "2152"]
[PlyCount "73"]
[EventDate "2022.08.21"]
[EventType "tourn (blitz)"]
[EventRounds "29"]
[EventCountry "GER"]
[EventCategory "5"]
[SourceTitle "CBM 210 Extra"]
[Source "ChessBase"]
[SourceDate "2022.11.30"]
[SourceVersion "1"]
[SourceVersionDate "2022.11.30"]
[SourceQuality "1"]

1. e4 c6 2. Nc3 d5 3. Nf3 Bg4 4. h3 Bxf3 5. Qxf3 e6 6. d4 Nf6 7. exd5 cxd5 8. Bd3 Nc6 9. Ne2 g6 10. 0-0 Bg7 11. c3 0-0 12. Bf4 Re8 13. Ng3 e5 14. dxe5 Nxe5 15. Bxe5 Rxe5 16. Rfe1 Qe7 17. Rxe5 Qxe5 18. Rd1 h5 19. Bc2 Re8 20. Bb3 h4 21. Nf1 Qe2 22. Bxd5 Qxb2 23. Bb3 Qe2 24. Qxb7 Re7 25. Qb4 Nh5 26. Qxh4 Bf6 27. Qg4 Qxg4 28. hxg4 Nf4 29. Ne3 Ne2+ 30. Kf1 Nxc3 31. Rd3 a5 32. g5 Bg7 33. f3 a4 34. Bc4 Rb7 35. Ng4 Rb1+ 36. Kf2 Rb2+ 37. Kg1 1-0

[Event "GER-ch blitz"]
[Site "Magdeburg"]
[Date "2022.08.21"]
[Round "21"]
[White "Dubansky, Marcel"]
[Black "Boehm, Christian"]
[Result "1-0"]
[WhiteElo "2225"]
[BlackElo "2152"]
[PlyCount "67"]
[EventDate "2022.08.21"]
[EventType "tourn (blitz)"]
[EventRounds "29"]
[EventCountry "GER"]
[EventCategory "5"]
[SourceTitle "CBM 210 Extra"]
[Source "ChessBase"]
[SourceDate "2022.11.30"]
[SourceVersion "1"]
[SourceVersionDate "2022.11.30"]
[SourceQuality "1"]

1. e4 c6 2. d4 d5 3. e5 Bf5 4. Nf3 e6 5. Nbd2 a6 6. Be2 c5 7. c3 Nd7 8. 0-0 Ne7 9. Re1 Nc6 10. Nf1 Be7 11. Ng3 Bg6 12. Be3 0-0 13. Qd2 cxd4 14. Bxd4 Nc5 15. Qf4 Nxd4 16. Nxd4 Rc8 17. Rad1 b5 18. Rd2 Qb6 19. a3 Qd8 20. Qe3 Ne4 21. Nxe4 Bxe4 22. f3 Bg6 23. f4 Be4 24. Bg4 Qb6 25. b4 a5 26. Qh3 axb4 27. axb4 Rc4 28. Be2 Rc7 29. Bxb5 Rfc8 30. Re3 Ra8 31. Kf2 Ra1 32. Bd3 Rxc3 33. Bxe4 Rxe3 34. Qxh7+ 1-0

[Event "GER-ch blitz"]
[Site "Magdeburg"]
[Date "2022.08.21"]
[Round "25"]
[White "Heider, Martin"]
[Black "Boehm, Christian"]
[Result "1-0"]
[WhiteElo "2453"]
[BlackElo "2152"]
[PlyCount "51"]
[EventDate "2022.08.21"]
[EventType "tourn (blitz)"]
[EventRounds "29"]
[EventCountry "GER"]
[EventCategory "5"]
[SourceTitle "CBM 210 Extra"]
[Source "ChessBase"]
[SourceDate "2022.11.30"]
[SourceVersion "1"]
[SourceVersionDate "2022.11.30"]
[SourceQuality "1"]

1. Nf3 Nf6 2. b3 g6 3. Bb2 Bg7 4. g3 0-0 5. Bg2 c5 6. c4 Nc6 7. 0-0 d5 8. cxd5 Nxd5 9. Bxg7 Kxg7 10. d4 cxd4 11. Nxd4 e5 12. Nxc6 bxc6 13. Qc2 Be6 14. Qb2 f6 15. Nd2 Rb8 16. Rac1 Qb6 17. Nc4 Qb4 18. Nxe5 fxe5 19. Qxe5+ Kf7 20. Rxc6 Rbe8 21. Bxd5 Bxd5 22. Rc7+ Re7 23. Qxd5+ Kg7 24. Qe5+ Kf7 25. Rxe7+ Qxe7 26. Qxe7+ 1-0

[Event "GER-ch blitz"]
[Site "Magdeburg"]
[Date "2022.08.21"]
[Round "5"]
[White "Scheftlein, Richard"]
[Black "Boehm, Christian"]
[Result "1/2-1/2"]
[WhiteElo "2279"]
[BlackElo "2152"]
[PlyCount "99"]
[EventDate "2022.08.21"]
[EventType "tourn (blitz)"]
[EventRounds "29"]
[EventCountry "GER"]
[EventCategory "5"]
[SourceTitle "CBM 210 Extra"]
[Source "ChessBase"]
[SourceDate "2022.11.30"]
[SourceVersion "1"]
[SourceVersionDate "2022.11.30"]
[SourceQuality "1"]

1. d4 Nf6 2. c4 g6 3. Nc3 Bg7 4. Nf3 0-0 5. Bg5 h6 6. Bh4 c5 7. d5 d6 8. e3 g5 9. Bg3 Nh5 10. Nd2 Nxg3 11. hxg3 e6 12. Qc2 exd5 13. cxd5 a6 14. a4 Nd7 15. Bd3 Ne5 16. Bh7+ Kh8 17. Bf5 Qf6 18. Bxc8 Raxc8 19. e4 c4 20. 0-0 Qg6 21. Nd1 b5 22. axb5 axb5 23. Ne3 Nd3 24. Rab1 Rfe8 25. Nf5 Be5 26. Nf3 Nc5 27. Rfe1 Bg7 28. Ra1 Ra8 29. Rxa8 Rxa8 30. Nxg7 Kxg7 31. Qc3+ Qf6 32. e5 dxe5 33. Nxe5 Re8 34. d6 Ne6 35. d7 Rd8 36. Rd1 Nc5 37. Qd4 Nb7 38. Nc6 Qxd4 39. Rxd4 Ra8 40. d8Q Nxd8 41. Rxd8 Ra1+ 42. Kh2 Ra2 43. Nd4 Rxb2 44. Rb8 c3 45. Rc8 b4 46. f4 Rd2 47. Nb3 Rb2 48. Nd4 Rd2 49. Nb3 Rb2 50. Nd4 1/2-1/2

[Event "GER-ch blitz"]
[Site "Magdeburg"]
[Date "2022.08.21"]
[Round "13"]
[White "Telljohann, Sven"]
[Black "Boehm, Christian"]
[Result "1-0"]
[WhiteElo "2410"]
[BlackElo "2152"]
[PlyCount "59"]
[EventDate "2022.08.21"]
[EventType "tourn (blitz)"]
[EventRounds "29"]
[EventCountry "GER"]
[EventCategory "5"]
[SourceTitle "CBM 210 Extra"]
[Source "ChessBase"]
[SourceDate "2022.11.30"]
[SourceVersion "1"]
[SourceVersionDate "2022.11.30"]
[SourceQuality "1"]

1. Nf3 Nf6 2. g3 g6 3. Bg2 Bg7 4. 0-0 0-0 5. d4 d6 6. b3 c5 7. Bb2 cxd4 8. Nxd4 d5 9. c4 e5 10. Nf3 e4 11. Nd4 dxc4 12. bxc4 Bg4 13. Qb3 Nbd7 14. h3 Bh5 15. Rd1 Nc5 16. Qc2 Qc7 17. Nc3 e3 18. f4 a6 19. Rac1 Rad8 20. Nd5 Nxd5 21. cxd5 b6 22. Nb3 f5 23. Nxc5 bxc5 24. Bxg7 Qxg7 25. Qxc5 Bxe2 26. Re1 Bb5 27. Rxe3 Qd7 28. Re7 Qd6 29. Qxd6 Rxd6 30. Rcc7 1-0

[Event "GER-CupT 2122 prel2"]
[Site "Gera"]
[Date "2022.03.27"]
[Round "2.3"]
[White "Frank, Christian"]
[Black "Boehm, Christian"]
[Result "1-0"]
[WhiteElo "2032"]
[BlackElo "2075"]
[PlyCount "93"]
[EventDate "2022.03.26"]
[EventType "team-k.o."]
[EventRounds "2"]
[EventCountry "GER"]
[SourceTitle "EXT 2023"]
[Source "ChessBase"]
[SourceDate "2022.10.05"]
[SourceVersion "1"]
[SourceVersionDate "2022.10.05"]
[SourceQuality "1"]
[WhiteTeam "Hildesheim"]
[BlackTeam "Loeberitz"]
[WhiteTeamCountry "GER"]
[BlackTeamCountry "GER"]

1. d4 Nf6 2. c4 g6 3. Nc3 Bg7 4. e4 d6 5. Nf3 0-0 6. Be2 e5 7. 0-0 Nc6 8. d5 Ne7 9. Ne1 Nd7 10. Be3 f5 11. f3 f4 12. Bf2 g5 13. Rc1 Rf7 14. c5 Nxc5 15. b4 Na6 16. Nd3 Bd7 17. a4 h5 18. Nb5 b6 19. Be1 Bf6 20. Nf2 Rg7 21. h3 Ng6 22. Qc2 Nh4 23. Na3 Bc8 24. Qc6 Rb8 25. Nb5 Bd7 26. Qc4 Ra8 27. Rc3 Kh8 28. a5 bxa5 29. Ra3 Nxb4 30. Rxa5 c5 31. dxc6 Nxc6 32. Ra6 Nd4 33. Nxd4 exd4 34. Rxd6 Qe7 35. Qd5 Rb8 36. Nd3 Rb5 37. Nc5 Rxc5 38. Qxc5 d3 39. Bxd3 Ng6 40. Bb4 Ne5 41. Rd5 Nxd3 42. Qxe7 Bxe7 43. Bxe7 Rxe7 44. Rxd3 Kg7 45. Ra1 Bc8 46. Rc3 Be6 47. Rca3 1-0

[Event "Sachsen-Anhalt-ch"]
[Site "Magdeburg"]
[Date "2021.10.29"]
[Round "4"]
[White "Hartge, Gedeon"]
[Black "Boehm, Christian"]
[Result "1-0"]
[WhiteElo "2251"]
[BlackElo "2097"]
[PlyCount "85"]
[EventDate "2021.10.28"]
[EventType "swiss"]
[EventRounds "7"]
[EventCountry "GER"]
[SourceTitle "CBM 205 Extra"]
[Source "ChessBase"]
[SourceDate "2022.01.31"]
[SourceVersion "1"]
[SourceVersionDate "2022.01.31"]
[SourceQuality "1"]

1. d4 Nf6 2. c4 g6 3. f3 Bg7 4. e4 d6 5. Nc3 0-0 6. Nge2 a6 7. Be3 b5 8. Qd2 Nbd7 9. Nc1 b4 10. Nd1 c5 11. Be2 cxd4 12. Bxd4 a5 13. 0-0 Nc5 14. Nf2 Bb7 15. Rd1 Qc7 16. Bf1 Nfd7 17. Bxg7 Kxg7 18. Ne2 Ne6 19. Ng3 Qc5 20. Kh1 Qg5 21. Qe1 Nf4 22. a3 bxa3 23. Rxa3 Bc6 24. Qd2 h5 25. Ne2 Ne6 26. Qxg5 Nxg5 27. Nd4 Rfc8 28. Rda1 Rab8 29. Rxa5 Nc5 30. Nxc6 Rxc6 31. Rb5 Rbc8 32. Ra7 Kf6 33. Nd3 Nge6 34. Nb4 Nd4 35. Nxc6 Rxc6 36. Rb8 Ncb3 37. Rbb7 Nd2 38. Kg1 Nxc4 39. Bxc4 Rxc4 40. Rxe7 Rc1+ 41. Kf2 Nc6 42. Rxf7+ Ke6 43. Rfc7 1-0

[Event "Sachsen-Anhalt-ch"]
[Site "Magdeburg"]
[Date "2021.10.28"]
[Round "2"]
[White "Goergens, Michael"]
[Black "Boehm, Christian"]
[Result "1-0"]
[WhiteElo "2070"]
[BlackElo "2097"]
[PlyCount "163"]
[EventDate "2021.10.28"]
[EventType "swiss"]
[EventRounds "7"]
[EventCountry "GER"]
[SourceTitle "CBM 205 Extra"]
[Source "ChessBase"]
[SourceDate "2022.01.31"]
[SourceVersion "1"]
[SourceVersionDate "2022.01.31"]
[SourceQuality "1"]

1. e4 c6 2. d4 d5 3. exd5 cxd5 4. Nf3 Nf6 5. Bd3 Bg4 6. h3 Bh5 7. c3 Nc6 8. Nbd2 e6 9. Qa4 Nd7 10. 0-0 Bd6 11. Re1 0-0 12. Qc2 Bg6 13. Bxg6 hxg6 14. Nf1 b5 15. Ne3 Nf6 16. g3 Ne4 17. Kg2 Qc7 18. Nf1 Rac8 19. Qd3 Qb7 20. N1d2 f5 21. Ng1 e5 22. Ndf3 exd4 23. Nxd4 b4 24. Nxc6 Qxc6 25. cxb4 Bxb4 26. Re2 Rfd8 27. f3 Nf6 28. Bg5 Qc4 29. Qd1 d4 30. Rc1 Qd5 31. Rxc8 Rxc8 32. a3 Bd6 33. Rd2 Be5 34. Ne2 Qb7 35. Bxf6 Bxf6 36. b4 Re8 37. Nxd4 Re3 38. Nc2 Rc3 39. Rd3 Rc8 40. Ne3 Qc7 41. h4 Qe5 42. Kh3 Kh7 43. Nd5 Bd8 44. Nf4 Bb6 45. Rd6 Qb2 46. Nd3 Qxa3 47. h5 gxh5 48. f4 Kg8 49. Qxh5 Qa1 50. Qf3 Rf8 51. Ne5 Qa2 52. Ng6 Bg1 53. Qh1 Re8 54. Qxg1 Qe2 55. Qd1 Qf2 56. Ne5 Rc8 57. Rd8+ Rxd8 58. Qxd8+ Kh7 59. Qd3 g6 60. Nf3 Kh6 61. Nh4 Qe1 62. Kh2 Qxb4 63. Qd8 Qb2+ 64. Kh3 Qg7 65. Qa8 Kh7 66. Nf3 Qd7 67. Qf8 Qg7 68. Ng5+ Kh6 69. Qxg7+ Kxg7 70. Nf3 Kf6 71. Kg2 Ke6 72. Kf2 Kd5 73. Ke3 a5 74. Kd3 a4 75. Nh4 a3 76. Kc3 Ke4 77. Kb3 Ke3 78. Kxa3 Kf2 79. Nxg6 Kxg3 80. Kb4 Kg4 81. Kc4 Kh5 82. Ne7 1-0

[Event "Sachsen-Anhalt-ch 30th"]
[Site "Magdeburg"]
[Date "2020.10.23"]
[Round "4.5"]
[White "Boehm, Christian"]
[Black "Kottke, Steffen"]
[Result "1-0"]
[WhiteElo "2071"]
[BlackElo "1952"]
[PlyCount "61"]
[EventDate "2020.10.22"]
[EventType "swiss"]
[EventRounds "7"]
[EventCountry "GER"]
[SourceTitle "EXT 2022"]
[Source "ChessBase"]
[SourceDate "2021.10.06"]
[SourceVersion "1"]
[SourceVersionDate "2021.10.06"]
[SourceQuality "1"]

1. e4 e6 2. d3 d5 3. Nd2 c5 4. Ngf3 Nc6 5. g3 Nf6 6. Bg2 Be7 7. 0-0 0-0 8. e5 Nd7 9. Re1 Qc7 10. Qe2 b5 11. Nf1 Re8 12. h4 Bb7 13. Bf4 Rac8 14. N1h2 Nf8 15. h5 Qd8 16. Ng4 Nd7 17. Qd2 f5 18. exf6 Bxf6 19. Nfe5 Ndxe5 20. Nxe5 Nxe5 21. Bxe5 Bxe5 22. Rxe5 Rc7 23. Rae1 Rce7 24. h6 g6 25. Qg5 Qd6 26. f4 Kf7 27. R1e2 Bc6 28. f5 exf5 29. Rxf5+ Kg8 30. Rf6 Qd7 31. Rxc6 1-0

[Event "Oberliga Ost-A 1920"]
[Site "Germany"]
[Date "2020.01.18"]
[Round "6.8"]
[White "Boehm, Christian"]
[Black "Ellemann, Stefan"]
[Result "0-1"]
[WhiteElo "2074"]
[BlackElo "2041"]
[PlyCount "82"]
[EventDate "2019.09.29"]
[EventType "team-tourn"]
[EventRounds "11"]
[EventCountry "GER"]
[SourceTitle "EXT 2021"]
[Source "ChessBase"]
[SourceDate "2020.10.23"]
[SourceVersion "1"]
[SourceVersionDate "2020.10.23"]
[SourceQuality "1"]
[WhiteTeam "Loeberitz"]
[BlackTeam "Sangerhausen"]
[WhiteTeamCountry "GER"]
[BlackTeamCountry "GER"]

1. d4 d5 2. Nf3 Nf6 3. c4 c6 4. Qc2 dxc4 5. Qxc4 Bf5 6. g3 e6 7. Bg2 Nbd7 8. 0-0 Be7 9. Nc3 0-0 10. e3 b5 11. Qe2 b4 12. Na4 Be4 13. Bd2 Nb6 14. Nxb6 axb6 15. Ne5 Bxg2 16. Kxg2 c5 17. Qf3 Qd5 18. Qxd5 exd5 19. Rfc1 Ra4 20. b3 Ra3 21. Nd3 Ne4 22. Be1 Rfa8 23. f3 Rxa2+ 24. Rxa2 Rxa2+ 25. Kh3 Ng5+ 26. Kg4 g6 27. dxc5 bxc5 28. Kf4 Re2 29. Nf2 Ne6+ 30. Ke5 Rxe3+ 31. Kxd5 Rxb3 32. f4 Rb2 33. Ne4 Rxh2 34. Bf2 Rg2 35. Rb1 Kg7 36. Rb2 Kf8 37. Rc2 h5 38. Rc4 h4 39. gxh4 Nxf4+ 40. Kc6 Nd3 41. Rc2 Nxf2 0-1

[Event "Erfurt op-A 29th"]
[Site "Erfurt"]
[Date "2019.12.26"]
[Round "1"]
[White "Dittrich, Tom"]
[Black "Boehm, Christian"]
[Result "0-1"]
[WhiteElo "1915"]
[BlackElo "2090"]
[PlyCount "88"]
[EventDate "2019.12.26"]
[EventType "swiss"]
[EventRounds "8"]
[EventCountry "GER"]
[SourceTitle "CBM 194 Extra"]
[Source "ChessBase"]
[SourceDate "2020.03.31"]
[SourceVersion "1"]
[SourceVersionDate "2020.03.31"]
[SourceQuality "1"]

1. e4 c5 2. Nf3 g6 3. d4 cxd4 4. Qxd4 Nf6 5. Bg5 Nc6 6. Qa4 Qb6 7. Nbd2 Ng4 8. Bh4 Bg7 9. Nc4 Qc5 10. 0-0-0 b5 11. Qa3 Qxa3 12. Nxa3 a6 13. Be2 d6 14. h3 Nf6 15. Rhe1 0-0 16. Bf1 Nd7 17. g4 Nc5 18. Bg2 Be6 19. e5 dxe5 20. Ng5 Rac8 21. Nxe6 Nxe6 22. Bxc6 Rxc6 23. Bxe7 Rfc8 24. Bb4 Bf8 25. Bxf8 Kxf8 26. c3 b4 27. Nb1 f6 28. Kd2 Nf4 29. Re3 Rc5 30. Kc2 bxc3 31. Nxc3 Nd5 32. Rdd3 Nb4+ 33. Kb3 Nxd3 34. Rxd3 Rb8+ 35. Kc2 Ke7 36. Re3 Ke6 37. f4 Rb4 38. fxe5 fxe5 39. a3 Rd4 40. b4 Rc8 41. Kb3 Rcd8 42. Ne4 Rd3+ 43. Rxd3 Rxd3+ 44. Ka4 Kd5 0-1

[Event "Oberliga Ost-A 1920"]
[Site "Germany"]
[Date "2019.12.08"]
[Round "5.4"]
[White "Boehm, Christian"]
[Black "Pfeufer, Lion"]
[Result "1/2-1/2"]
[WhiteElo "2074"]
[BlackElo "2031"]
[PlyCount "40"]
[EventDate "2019.09.29"]
[EventType "team-tourn"]
[EventRounds "11"]
[EventCountry "GER"]
[SourceTitle "EXT 2021"]
[Source "ChessBase"]
[SourceDate "2020.10.23"]
[SourceVersion "1"]
[SourceVersionDate "2020.10.23"]
[SourceQuality "1"]
[WhiteTeam "Loeberitz"]
[BlackTeam "Plauen Koenig II"]
[WhiteTeamCountry "GER"]
[BlackTeamCountry "GER"]

1. d4 Nf6 2. Nf3 g6 3. c4 d6 4. Nc3 Bg7 5. Bg5 0-0 6. e3 Nbd7 7. Be2 c6 8. Qc2 e5 9. 0-0 Qc7 10. Rfd1 Re8 11. Rac1 a5 12. dxe5 dxe5 13. Na4 b6 14. c5 b5 15. Nb6 Rb8 16. Nxc8 Rbxc8 17. a4 b4 18. Nd2 Bf8 19. Bxf6 Nxf6 20. Ne4 Nxe4 1/2-1/2

[Event "Sachsen-Anhalt Verbandsliga 18/19"]
[Site "Sachsen Anhalt"]
[Date "2019.02.24"]
[Round "6.3"]
[White "Boehm, Christian"]
[Black "David, Rene"]
[Result "1/2-1/2"]
[WhiteElo "2095"]
[BlackElo "2213"]
[PlyCount "82"]
[EventDate "2018.10.21"]
[EventType "team-tourn"]
[EventRounds "9"]
[EventCountry "GER"]
[SourceTitle "EXT 2022"]
[Source "ChessBase"]
[SourceDate "2021.10.06"]
[SourceVersion "1"]
[SourceVersionDate "2021.10.06"]
[SourceQuality "1"]
[WhiteTeam "Loeberitz II"]
[BlackTeam "Coethen Germania"]
[WhiteTeamCountry "GER"]
[BlackTeamCountry "GER"]

1. d4 d5 2. c4 e6 3. Nc3 Nf6 4. Bg5 Be7 5. Nf3 0-0 6. e3 Ne4 7. Bxe7 Qxe7 8. Qc2 Nf6 9. Bd3 Nc6 10. a3 dxc4 11. Bxc4 e5 12. dxe5 Nxe5 13. Be2 c5 14. 0-0 b6 15. Rfd1 Bb7 16. Qf5 Ng6 17. Bd3 Rac8 18. Bc4 Rcd8 19. Ng5 Nh4 20. Qh3 Ng6 21. Rxd8 Qxd8 22. Rd1 Qe7 23. Nd5 Bxd5 24. Bxd5 h6 25. Nf3 Nxd5 26. Rxd5 Qe4 27. Qd7 Ne7 28. Rd1 Nc6 29. Qb7 Qc2 30. Rf1 Na5 31. Qxa7 Qxb2 32. h3 c4 33. Nd4 c3 34. Qc7 Nb3 35. Nxb3 Qxb3 36. Rc1 Qxa3 37. Rxc3 Qb4 38. Kh2 b5 39. Rc6 Qe4 40. Rb6 Qf5 41. e4 Qxf2 1/2-1/2

[Event "Sachsen-Anhalt Verbandsliga 18/19"]
[Site "Sachsen Anhalt"]
[Date "2019.02.03"]
[Round "5.4"]
[White "Boehm, Christian"]
[Black "Hentzgen, Thomas"]
[Result "1/2-1/2"]
[WhiteElo "2095"]
[BlackElo "2012"]
[PlyCount "137"]
[EventDate "2018.10.21"]
[EventType "team-tourn"]
[EventRounds "9"]
[EventCountry "GER"]
[SourceTitle "EXT 2022"]
[Source "ChessBase"]
[SourceDate "2021.10.06"]
[SourceVersion "1"]
[SourceVersionDate "2021.10.06"]
[SourceQuality "1"]
[WhiteTeam "Loeberitz II"]
[BlackTeam "Halle USV II"]
[WhiteTeamCountry "GER"]
[BlackTeamCountry "GER"]

1. Nf3 e6 2. e4 d5 3. Nc3 Nf6 4. e5 Nfd7 5. d4 c5 6. dxc5 Bxc5 7. Bd3 Nc6 8. Bf4 Bb4 9. 0-0 Bxc3 10. bxc3 Qa5 11. c4 dxc4 12. Be4 Qc5 13. Qe2 h6 14. Be3 Qa5 15. Bxc6 bxc6 16. Qxc4 Ba6 17. Qg4 Bxf1 18. Qxg7 Ke7 19. Rd1 Rag8 20. Rxd7+ Kxd7 21. Qxf7+ Kc8 22. Qxe6+ Kb7 23. Kxf1 Rd8 24. Nd4 Qd5 25. Qe7+ Ka8 26. Qc7 c5 27. Qc6+ Qxc6 28. Nxc6 Rc8 29. Ne7 Rce8 30. Bxc5 Rh7 31. Ng6 Rg7 32. Nf4 Rg4 33. Nd3 Rc4 34. Bd6 Rxc2 35. f4 Rxa2 36. f5 Rd2 37. Nc5 Rc8 38. f6 Rxd6 39. exd6 Rf8 40. Ne4 Kb7 41. Ke2 Kc6 42. Ke3 Kd5 43. Kf4 Ke6 44. g4 a5 45. h4 Rc8 46. d7 Kxd7 47. g5 hxg5+ 48. hxg5 a4 49. g6 a3 50. Nc5+ Rxc5 51. g7 a2 52. g8Q a1Q 53. Qf7+ Kc6 54. Qe8+ Kb7 55. Qe7+ Kb6 56. Qd8+ Kb5 57. Qd3+ Kb4 58. Qd2+ Ka4 59. Qd7+ Kb3 60. Qd3+ Qc3 61. Qxc3+ Kxc3 62. f7 Rc8 63. Ke5 Kd3 64. Ke6 Ke4 65. Ke7 Rc7+ 66. Ke8 Rc8+ 67. Ke7 Ke5 68. f8Q Rxf8 69. Kxf8 1/2-1/2

[Event "Oberliga Ost-A 1819"]
[Site "Germany"]
[Date "2018.12.16"]
[Round "5.8"]
[White "Boehm, Christian"]
[Black "Kahe, Ralph"]
[Result "1-0"]
[WhiteElo "2072"]
[BlackElo "2168"]
[PlyCount "69"]
[EventDate "2018.10.21"]
[EventType "team-tourn"]
[EventRounds "11"]
[EventCountry "GER"]
[SourceTitle "EXT 2020"]
[Source "ChessBase"]
[SourceDate "2019.10.17"]
[SourceVersion "1"]
[SourceVersionDate "2019.10.17"]
[SourceQuality "1"]
[WhiteTeam "Loeberitz"]
[BlackTeam "Magdeburg Rochade"]
[WhiteTeamCountry "GER"]
[BlackTeamCountry "GER"]

1. Nf3 g6 2. g3 Bg7 3. Bg2 c5 4. 0-0 Nc6 5. d3 Nf6 6. e4 0-0 7. Re1 Ne8 8. c3 Qb6 9. Na3 d6 10. Nc4 Qc7 11. a4 b6 12. e5 d5 13. Ne3 e6 14. Ng4 h5 15. Nh6+ Kh7 16. Ng5+ Kh8 17. Ng4 Kg8 18. Nf6+ Nxf6 19. exf6 Bxf6 20. g4 Qd8 21. h4 hxg4 22. Qxg4 e5 23. Qf3 Be6 24. Nxe6 fxe6 25. Qg4 Qe8 26. h5 g5 27. f4 exf4 28. Bxf4 Kh8 29. Bxg5 Bxg5 30. Qxg5 Qf7 31. Qh6+ Qh7 32. Rxe6 Na5 33. Qe3 Qc7 34. Rh6+ Kg8 35. Qg5+ 1-0

[Event "Oberliga Ost-A 1718"]
[Site "Germany"]
[Date "2018.04.14"]
[Round "10.8"]
[White "Boehm, Christian"]
[Black "Wolf, Mario"]
[Result "1/2-1/2"]
[WhiteElo "2040"]
[BlackElo "1968"]
[PlyCount "46"]
[EventDate "2017.10.22"]
[EventType "team-tourn"]
[EventRounds "11"]
[EventCountry "GER"]
[SourceTitle "EXT 2019"]
[Source "ChessBase"]
[SourceDate "2018.10.10"]
[SourceVersion "1"]
[SourceVersionDate "2018.10.10"]
[SourceQuality "1"]
[WhiteTeam "Loeberitz"]
[BlackTeam "Coswig TuS"]
[WhiteTeamCountry "GER"]
[BlackTeamCountry "GER"]

1. e4 e6 2. d3 d5 3. Nd2 Nf6 4. Ngf3 Be7 5. g3 c5 6. Bg2 0-0 7. 0-0 Nc6 8. e5 Nd7 9. Re1 b5 10. Nf1 Rb8 11. h4 h6 12. N1h2 Re8 13. Bf4 Rb6 14. Ng4 Bf8 15. Ne3 f5 16. exf6 Nxf6 17. Ne5 Bd6 18. N3g4 Nxg4 19. Qxg4 Qf6 20. Nd7 Bxd7 21. Bxd6 Rb7 22. Bxc5 Qxb2 23. Qe2 Qc3 1/2-1/2